| 000 | 01429cab a2200253 4500 | ||
|---|---|---|---|
| 001 | ##L135470 | ||
| 008 | 061030n2006 000 0 eng u | ||
| 035 | _a(Sirsi) u135470 | ||
| 041 | 0 | _aeng | |
| 100 | 1 | _aReid, Colin T. | |
| 245 | 0 | 0 | _aReview and revision of permissions |
| 260 | _c2006 | ||
| 490 | 0 |
_aScottish Planning and Environmental Law _v(117) October 2006, 109-111(3) |
|
| 520 | _aExamines the issues involved in the review and revision of permissions, in particular mineral permissions. Covers the limits on revision and protection in the general law. Concludes that although there is a range of mechanisms in the statute book that enable permits to be kept up-to-date in a way that respects the interests of various parties, these are used in a rather haphazard and inconsistent way. The need to provide for future changes is something to be considered in designing regulatory regimes. | ||
| 590 | _aIKA311006 | ||
| 650 | 2 | 4 | _aTOWN AND COUNTRY PLANNING (MINERALS) ACT 1981 |
| 650 | 2 | 4 | _aENVIRONMENTAL PROTECTION ACT 1990 S6(6) |
| 650 | 2 | 4 | _aPOLLUTION PREVENTION AND CONTROL (SCOTLAND) REGULATIONS 2000 |
| 650 | 2 | 4 | _aCONVENTION FOR THE PROTECTION OF HUMAN RIGHTS AND FUNDAMENTAL FREEDOMS PROTOCOL 1 ART 1 |
| 650 | 2 | 4 | _aTOWN AND COUNTRY PLANNING (SCOTLAND) ACT 1997 |
| 651 | 4 |
_aScotland _y1999- |
|
| 690 | _aENVIRONMENTAL AND LAND CONSULTANCY-MINERAL RESOURCE MANAGEMENT-MINERAL PLANNING | ||
| 942 | _n0 | ||
| 999 |
_c77901 _d77901 |
||